banner-ar

القط والفار / (Record no. 46070)

MARC details
000 -الفاتح
حقل البيانات ثابتة الطول 00432nam a2200169Ia 4500
008 - عناصر البيانات ثابتة الطول - معلومات عامة
حقل البيانات ثابتة الطول 140319s9999 xx 000 0 ara d
040 ## - مصدر الفهرسة
وكالة الفهرسة الأصلية GCL /
وكالة النسخ GCL
082 04 - رقم تصنيف ديوى العشرى
رقم التصنيف ط
رقم المادة 813.02
-- ا ق
100 1# - المدخل الرئيسى - إسم شخصى
الإسم الشخصى احمد رجب
245 10 - بيان العنوان
العنوان القط والفار /
بيان المسئوليه,etc احمد رجب
300 ## - الوصف المادى
التعداد 23 ص
490 ## - بيان السلسلة
عنوان السلسلة كليله ودمنه
رقم المجلد/ التعيين التسلسلي 0
650 04 - المدخل الاضافى بالموضوع-مصطلح موضوعى
مصطلح موضوعي الاطفال
650 04 - المدخل الاضافى بالموضوع-مصطلح موضوعى
مصطلح موضوعي قصص الاطفال
942 ## - عناصر المدخل الإضافي( كوها)
مصدر التصنيف او مخطط الترفيف Dewey Decimal Classification
Koha [default] item type كتاب
Holdings
حالة التراجع حالة الفقد حالة تلف ليس للاعارة المكان المؤقت الموقع الحالى تاريخ الاكتساب اجمالي اﻻعارات رقم الطلب الباركود تاريخ اخر مشاهدة تاريخ تفعيل السعر نوع وعاء كوها
        مكتبة القاهرة الكبرى مكتبة القاهرة الكبرى 03/26/2014   ط\813.02\ا ق 112229 03/26/2014 03/26/2014 كتاب

Powered By

EGPV